[Event "III Pyramiden-Franken Cup"]
[Site "Fuerth GER"]
[Date "2000.08.25"]
[Round "7"]
[White "Lau,R"]
[Black "Oral,T"]
[Result "1/2-1/2"]
[WhiteElo "2498"]
[BlackElo "2531"]

1.e4 c5 2.Nf3 Nc6 3.d4 cxd4 4.Nxd4 Qc7 5.Nc3 e6 6.g3 a6 7.Bg2 d6 8.O-O Bd7
9.a4 Nf6 10.Nb3 Na5 11.Nxa5 Qxa5 12.Bf4 Qc7 13.Re1 Bc6 14.Re3 Nd7 15.Nd5 Bxd5
16.exd5 e5 17.Rc3 Qd8 18.Be3 Be7 19.Raa3 O-O 20.Rab3 Rb8 21.Ba7 Rc8 22.Rxb7 Rxc3
23.bxc3 Qc8 24.Qb1 Bg5 25.Bf1 Bd2 26.Bxa6 Nc5 27.Rb8 Qxa6 28.Rxf8+ Kxf8 29.Qb8+ Ke7
30.Bxc5 dxc5 31.Qc7+ Kf6 32.d6 Qe2 33.d7 Qe1+ 34.Kg2 Qe4+ 35.Kf1 Qe1+ 36.Kg2 Qe4+  1/2-1/2

[Event "Open"]
[Site "Abudhabi UAE"]
[Date "2000.08.28"]
[Round "3"]
[White "Illijin,N"]
[Black "Fahed,A"]
[Result "1-0"]
[WhiteElo "2258"]
[BlackElo "2001"]

1.e4 c5 2.Nf3 Nc6 3.d4 cxd4 4.Nxd4 Qb6 5.Nb3 Nf6 6.Nc3 e6 7.Be3 Qc7 8.Qd2 a6
9.f3 Rb8 10.O-O-O b5 11.g4 Na5 12.g5 Nh5 13.Qf2 Nc4 14.Bxc4 Qxc4 15.Ba7 Ra8
16.Bb6 Bb7 17.Rxd7 Kxd7 18.Rd1+ Ke8 19.Na5 Qc8 20.Rd8+ Qxd8 21.Bxd8 Rxd8
22.Nxb7 Rc8 23.Qb6 Rb8 24.Qc6+  1-0

[Event "Open"]
[Site "Abudhabi UAE"]
[Date "2000.09.01"]
[Round "6"]
[White "Abdelnabbi,I"]
[Black "Annakov,B"]
[Result "1-0"]
[WhiteElo "2408"]
[BlackElo "2565"]

1.e4 c5 2.Nf3 Nc6 3.d4 cxd4 4.Nxd4 Qb6 5.Nb3 Nf6 6.Nc3 e6 7.Bd3 Be7 8.O-O d6
9.Kh1 Qc7 10.f4 a6 11.Qf3 O-O 12.Bd2 b5 13.a3 Nd7 14.Rae1 Re8 15.e5 Bb7 16.Qh3 Nf8
17.exd6 Bxd6 18.Ne4 Rad8 19.Nxd6 Qxd6 20.Be4 Qc7 21.Bc3 f5 22.Bf3 Bc8 23.Qg3 Ng6
24.Bh5 Kf7 25.Nc5 a5 26.Nd3 b4 27.axb4 axb4 28.Nxb4 Nxb4 29.Bxb4 Qxc2 30.Rf2 Qc4
31.Bc3 Bb7 32.Qg5 Be4 33.Rfe2 Rd5 34.Re3 e5 35.Rxe4 fxe4 36.f5 Rd6 37.h3 Rf6
38.Kh2 Qc6 39.fxg6+ hxg6 40.Bg4 Kg8 41.Bd1 Qc4 42.Bc2 Rf4 43.Qxg6 Re6 44.Qg3  1-0

[Event "Borowski"]
[Site "Essen GER"]
[Date "2000.09.02"]
[Round "10"]
[White "Schaefer,Ma"]
[Black "Hoffmann,Mi"]
[Result "1-0"]
[WhiteElo "2393"]
[BlackElo "2458"]

1.e4 c5 2.Nf3 Nc6 3.d4 cxd4 4.Nxd4 Qc7 5.Nc3 e6 6.Ndb5 Qb8 7.a4 Nf6 8.Bd3 Be7
9.O-O O-O 10.f4 d6 11.Be3 b6 12.Qf3 Bb7 13.Qg3 a6 14.Na3 Qc7 15.Nc4 Nd7 16.f5 Kh8
17.fxe6 fxe6 18.Qh3 Nce5 19.Nxe5 dxe5 20.Qxe6 Bc5 21.Qh3 Nf6 22.Kh1 Bc8 23.Qg3 Be6
24.Bxc5 Qxc5 25.Ne2 h6 26.Ng1 Nh5 27.Qh4 Nf4 28.Nf3 Rf6 29.Qf2 Qc7 30.Qe3 Raf8
31.Nd2 a5 32.g3 Nxd3 33.cxd3 Qc2 34.Rxf6 Rxf6 35.Rf1 Rxf1+ 36.Nxf1 Bh3 37.Qf3 Qxb2
38.Kg1 Qc1 39.g4 Qc5+ 40.Qf2 Qxf2+ 41.Kxf2 Bxg4 42.Ne3 Bd7 43.Nc4 Bxa4 44.Nxb6 Bb3
45.Ke3 g5 46.Nd7 a4 47.Kd2 Kg7 48.Nxe5 h5  1-0

[Event "World Seniors"]
[Site "Rowy POL"]
[Date "2000.09.12"]
[Round "2"]
[White "Dryzek,T"]
[Black "Rosen,W"]
[Result "0-1"]
[WhiteElo "2163"]
[BlackElo "2307"]

1.e4 c5 2.Nf3 Nc6 3.d4 cxd4 4.Nxd4 Qb6 5.Nb3 Nf6 6.Nc3 e6 7.Be3 Qc7 8.g3 Bb4
9.Bg2 d5 10.exd5 Nxd5 11.Bd2 Nxc3 12.bxc3 Qe5+ 13.Kf1 Bxc3 14.Bxc3 Qxc3 15.Qd6 Bd7
16.Rd1 O-O-O 17.Qc5 Qxc5 18.Nxc5 Na5 19.Rb1 b6 20.Nxd7 Rxd7 21.Bf3 Nc4 22.Kg2 Nd2
23.Rb4 Nxf3 24.Kxf3 Rc7 25.c4 Rd8 26.Ke3 Rc5 27.Rc1 Re5+ 28.Kf4 Ra5 29.Rc2 Kc7
30.Ke4 Kc6 31.a4 f5+ 32.Kf4 Rd4+ 33.Ke3 e5 34.f4 Re4+ 35.Kf3 exf4 36.gxf4 Rc5
37.Kg3 g6 38.Rc3 a5 39.Rb5 Rexc4 40.Rcb3 Rc3+ 41.Kh4 Rxb3 42.Rxb3 Rc4 43.Kg5 Rxa4
44.Rc3+ Kd5 45.Rd3+ Rd4 46.Rc3  0-1

[Event "World Seniors (Women)"]
[Site "Rowy POL"]
[Date "2000.09.15"]
[Round "5"]
[White "Shushpanova,N"]
[Black "Zvorykina,K"]
[Result "1-0"]
[WhiteElo "2071"]
[BlackElo "2160"]

1.e4 c5 2.Nf3 Nc6 3.d4 cxd4 4.Nxd4 Qc7 5.Nc3 a6 6.Nxc6 bxc6 7.Bd3 e5 8.O-O Nf6
9.b3 Be7 10.Bb2 O-O 11.Qe2 Bb7 12.Na4 Rfe8 13.c4 d6 14.Rac1 Nd7 15.Kh1 Bg5
16.Rc2 Nf8 17.c5 Ne6 18.g3 a5 19.cxd6 Qxd6 20.Bc4 Rad8 21.Bxe6 Rxe6 22.Nc5 Re7
23.Nxb7 Rxb7 24.Qa6 Rbd7 25.Qxc6 Qd3 26.Kg2 f5 27.Qc4+ Qxc4 28.Rxc4 Rd2 29.Bc1 Be3
30.Bxd2 Rxd2 31.exf5 Rxa2 32.Ra4 Rb2 33.Rxa5 Bd4 34.Rb5 e4 35.Rb4 Rd2 36.Kh3 Bxf2
37.Rxe4 Rb2 38.b4 Bb6 39.Rd1 Kf7 40.Rde1 Bd8 41.g4 Kf6 42.R1e2 Rb3+ 43.Kg2 Kg5
44.Rd2 Bf6 45.Rc2 h5 46.h3 hxg4 47.hxg4 Kh4 48.Rc1 Rb2+ 49.Kf3 Rb3+ 50.Ke2 Bc3
51.b5 Rb2+ 52.Kd3 Bf6 53.Kc4 Kg3 54.Kc5 Kf3 55.Rcc4 Bg5 56.Kc6 Be3 57.Rxe3+ Kxe3
58.b6 Kd3 59.Rc5 Kd4 60.Rb5 Rc2+ 61.Kd6  1-0

[Event "World Seniors"]
[Site "Rowy POL"]
[Date "2000.09.22"]
[Round "10"]
[White "Littlewood,J"]
[Black "Karasev,V"]
[Result "1/2-1/2"]
[WhiteElo "2301"]
[BlackElo "2358"]

1.e4 c5 2.Nf3 Nc6 3.d4 cxd4 4.Nxd4 Qb6 5.Nb3 Nf6 6.Nc3 e6 7.Bd3 Bb4 8.O-O O-O
9.Be3 Qc7 10.Nb5 Qb8 11.a3 Be7 12.f4 a6 13.Nc3 d6 14.Qf3 Qc7 15.Rae1 Rb8
16.g4 b5 17.g5 Nd7 18.Qh3 Re8 19.f5 Nde5 20.f6 Bf8 21.fxg7 Bxg7 22.Ne2 Nxd3
23.cxd3 e5 24.Qh4 Qd7 25.Rf5 Ne7 26.Ng3 Ng6 27.Qh5 d5 28.Ref1 dxe4 29.Nc5 Qd8
30.Rxf7 Re7 31.Rxe7 Qxe7 32.Ncxe4 Nf4 33.Bxf4 exf4 34.Rxf4 Rb6 35.Nf6+ Bxf6
36.gxf6 Rxf6 37.Re4 Be6 38.Qg5+ Kf8 39.Qe3 Qd6 40.b4 Bd5 41.Re8+ Kf7 42.Re5 Bb7
43.d4 Rf3 44.Rf5+ Rxf5 45.Nxf5 Qd5 46.Qh3 Kf6 47.Ne3 Qxd4 48.Qf5+ Kg7 49.Qg5+ Kf7
50.Qf5+ Kg7 51.Qg5+ Kh8 52.Kf2 Qd2+ 53.Kf1 Qd3+ 54.Kf2 Qd6  1/2-1/2

[Event "EuYCh B18"]
[Site "Halkidiki GRE"]
[Date "2000.10.02"]
[Round "1"]
[White "Palecha,A"]
[Black "Djukic,Ni"]
[Result "0-1"]
[WhiteElo "2138"]
[BlackElo "2332"]

1.e4 c5 2.Nf3 Nc6 3.d4 cxd4 4.Nxd4 Qc7 5.c4 Nf6 6.Nc3 Nxe4 7.Nxe4 Qe5 8.Nb5 Qxe4+
9.Be3 Qe5 10.Qd2 b6 11.Be2 Qb8 12.O-O-O a6 13.Bf3 Ne5 14.Bxa8 axb5 15.Be4 Nxc4
16.Qd5 e6 17.Qxb5 Nxe3 18.fxe3 Bc5 19.Qd3 d5 20.Bf3 O-O 21.h3 Qa7 22.Kb1 Ba6
23.Qd2 Ra8 24.a3 b5 25.e4 d4 26.Be2 Bb7 27.Bxb5 Bxe4+ 28.Bd3 Bd5 29.Qc2 Bxa3
30.bxa3 Rb8+ 31.Qb2 Rxb2+ 32.Kxb2 Qb6+ 33.Kc1 e5 34.Rhe1 e4 35.Bc2 Qc5 36.a4 Qa3+
37.Kd2 Qc3+ 38.Kc1 d3 39.Rd2 dxc2 40.Ree2 Qa3+  0-1

[Event "EuYCh B18"]
[Site "Halkidiki GRE"]
[Date "2000.10.04"]
[Round "3"]
[White "Pecnik,L"]
[Black "Djukic,Ni"]
[Result "1-0"]
[WhiteElo "2167"]
[BlackElo "2332"]

1.e4 c5 2.Nf3 Nc6 3.d4 cxd4 4.Nxd4 Qc7 5.Nc3 e6 6.Ndb5 Qb8 7.Be3 Nf6 8.f4 a6
9.e5 axb5 10.exf6 gxf6 11.Nxb5 b6 12.Qd2 Ra5 13.c3 d5 14.Qf2 Ra4 15.b3 Re4
16.Bd3 Rxe3+ 17.Qxe3 Bc5 18.Qd2 e5 19.b4 Be7 20.O-O Be6 21.fxe5 fxe5 22.Bf5 h6
23.Qf2 Rg8 24.Bxe6 fxe6 25.Qf7+ Kd7 26.Rf6 Nd8 27.Qxg8 Bxf6 28.Rf1 Be7 29.Rf7 Qc8
30.Rxe7+  1-0

[Event "Tatry Open"]
[Site "Tatranske Zruby SVK"]
[Date "2000.10.09"]
[Round "3"]
[White "Tomcik,M"]
[Black "Vavra,P1"]
[Result "0-1"]
[WhiteElo "2210"]
[BlackElo "2393"]

1.e4 c5 2.Nf3 Nc6 3.d4 cxd4 4.Nxd4 Qb6 5.Nb5 a6 6.Be3 Qd8 7.N5c3 b5 8.a3 e6
9.Be2 Nf6 10.O-O Be7 11.Nd5 exd5 12.exd5 Qc7 13.dxc6 dxc6 14.c4 O-O 15.Nc3 bxc4
16.Bxc4 Ng4 17.h3 Qh2+  0-1

[Event "FSIMB October"]
[Site "Budapest HUN"]
[Date "2000.10.10"]
[Round "4"]
[White "Berczes,C"]
[Black "Bordas,G"]
[Result "0-1"]
[WhiteElo "2189"]
[BlackElo "2186"]

1.e4 c5 2.Nf3 Nc6 3.d4 cxd4 4.Nxd4 Qb6 5.Nb3 Nf6 6.Bd3 e6 7.Be3 Qc7 8.f4 d6
9.O-O Be7 10.Nc3 O-O 11.Nb5 Qb8 12.c4 a6 13.Nc3 Nb4 14.Bb1 b5 15.cxb5 axb5
16.Nd4 Bd7 17.Qe2 Ra5 18.a3 Na6 19.Nb3 Ra4 20.Nxa4 bxa4 21.Nd4 Nc5 22.Bf2 e5
23.fxe5 dxe5 24.Nf5 Bxf5 25.exf5 Nb3 26.Ra2 Nd5 27.Qe4 Nd2 28.Qxd5 Rd8 29.Qxd8+ Bxd8
30.Rd1 Nb3 31.Bc2 Bf6 32.Bxb3 Qxb3 33.Raa1 Qc2 34.g4 h5 35.h3 hxg4 36.hxg4 Qe4
37.Rac1 Qxg4+ 38.Kf1 Qxf5 39.Ke2 Qg4+ 40.Kf1 e4 41.Re1 Be5 42.Re2 Bf4 43.Rc3 f5
44.b4 Qh5 45.b5 Be5 46.Rc8+ Kf7 47.Bg1 f4 48.Rc5 Qh3+ 49.Ke1 Bc3+ 50.Rxc3 Qxc3+
51.Kf1 Qd3 52.Kf2 g5 53.b6 e3+  0-1

[Event "Veselin Boskovic Mem"]
[Site "Belgrade YUG"]
[Date "2000.10.12"]
[Round "9"]
[White "Ivanovic,B"]
[Black "Ivanisevic,I"]
[Result "1/2-1/2"]
[WhiteElo "2476"]
[BlackElo "2530"]

1.e4 c5 2.Nf3 Nc6 3.d4 cxd4 4.Nxd4 Qc7 5.Nc3 e6 6.Be2 Nf6 7.O-O a6 8.Kh1 Nxd4
9.Qxd4 Bc5 10.Qd3 b5 11.Bg5 Bb7 12.f4 d6  1/2-1/2

[Event "Tatry Open"]
[Site "Tatranske Zruby SVK"]
[Date "2000.10.13"]
[Round "7"]
[White "Taborsky,R"]
[Black "Mashinskaya,I"]
[Result "1/2-1/2"]
[WhiteElo "2226"]
[BlackElo "2335"]

1.e4 c5 2.Nf3 Nc6 3.d4 cxd4 4.Nxd4 Qc7 5.Nc3 e6 6.g3 a6 7.Bg2 Nf6 8.O-O Bc5
9.Nb3 Ba7 10.Bg5 d6 11.a4 Ne5 12.Qe2 Bd7 13.Rad1 h6 14.Bc1 O-O 15.Kh1 Rab8
16.f4 Nc4 17.g4 b5 18.g5 Nh7 19.gxh6 g6 20.axb5 axb5 21.Rd3 b4 22.Nd1 Bb5
23.Qg4 Kh8 24.Rg3 Rg8 25.Re1 Na5 26.Nxa5 Qxa5 27.Bd2 Bd7 28.c3 Bc5 29.Qf3 Qb6
30.cxb4 Bxb4 31.Nc3 Bc5 32.Qd3 Bf2 33.Be3 Bxe3 34.Rgxe3 Nf6 35.R3e2 Bc8 36.Rd2 Nh5
37.Qf3 Bb7 38.Red1 Rbd8 39.Qg4 Qe3 40.Qf3 Qxf4 41.Qxf4 Nxf4 42.Rxd6 Rxd6
43.Rxd6 f5 44.Rd7 Rb8 45.Bf3 g5 46.Kg1 g4 47.Bh1 Nh3+ 48.Kf1 Ng5 49.Rg7 Nxe4
50.Nxe4 Bxe4 51.Bxe4 fxe4 52.Rxg4 Rxb2 53.Rxe4 Rxh2 54.Rxe6 Kh7 55.Kg1 Rxh6
56.Rxh6+ Kxh6  1/2-1/2

[Event "ch-GRE"]
[Site "Agios Nikolaos GRE"]
[Date "2000.10.16"]
[Round "4"]
[White "Mastrovasilis,D"]
[Black "Banikas,H"]
[Result "1/2-1/2"]
[WhiteElo "2386"]
[BlackElo "2542"]

1.e4 c5 2.Nf3 Nc6 3.d4 cxd4 4.Nxd4 Qc7 5.Nc3 e6 6.Be2 a6 7.O-O Nf6 8.Be3 Bb4
9.Na4 Be7 10.Nxc6 bxc6 11.Nb6 Rb8 12.Nxc8 Qxc8 13.Bd4 Nxe4 14.Bxg7 Rg8 15.Be5 d6
16.Qd3 f5 17.Bh5+ Kd7 18.Rad1  1/2-1/2

[Event "It"]
[Site "Alushta UKR"]
[Date "2000.10.19"]
[Round "5"]
[White "Voitsekhovsky,S"]
[Black "Alexandrova,O"]
[Result "1-0"]
[WhiteElo "2516"]
[BlackElo "2421"]

1.e4 c5 2.Nf3 Nc6 3.d4 cxd4 4.Nxd4 Qc7 5.Nc3 e6 6.Be2 Nf6 7.O-O a6 8.Be3 Be7
9.f4 d6 10.a4 O-O 11.Kh1 Rd8 12.Bd3 Nxd4 13.Bxd4 e5 14.Bg1 exf4 15.Rxf4 d5
16.Qf3 Be6 17.Rf1 dxe4 18.Nxe4 Qe5 19.Nxf6+ Bxf6 20.c3 Qg5 21.Be4 Rd7 22.Be3 Bd5
23.Bxd5 Qxd5 24.Rxf6 gxf6 25.Qg4+ Kh8 26.Bd4 Rd6 27.Bxf6+ Rxf6 28.Rxf6 Re8
29.Rf1 Re4 30.Qf3 Qe6 31.h3 Re1 32.Rxe1 Qxe1+ 33.Kh2 Qe5+ 34.Qg3 Qd5 35.b4 b5
36.a5 Qe4 37.Qg5 Qd3 38.Qh6 Qd8 39.Qxa6 Qc7+ 40.Kh1 Qxc3 41.Qd6 Kg7 42.Kh2 Qa1
43.Qg3+ Kf6 44.Qe3 Qa4 45.Qb6+ Kg7 46.a6 Qxb4 47.Qb8  1-0

[Event "34th Olympiad Women"]
[Site "Istanbul TUR"]
[Date "2000.10.29"]
[Round "2"]
[White "Dworakowska,J"]
[Black "Kouvatsou,M"]
[Result "1/2-1/2"]
[WhiteElo "2371"]
[BlackElo "2223"]

1.e4 c5 2.Nf3 Nc6 3.d4 cxd4 4.Nxd4 Qc7 5.Nc3 e6 6.Be2 a6 7.Be3 Nf6 8.a3 Be7
9.f4 d6 10.g4 Na5 11.g5 Nd7 12.O-O b5 13.Bg4 Nc4 14.Bc1 Bb7 15.Kh1 O-O 16.Rf3 Nc5
17.Qe1 f5 18.gxf6 Rxf6 19.b3 e5 20.Nf5 Nb6 21.fxe5 Rg6 22.Bh5 Re6 23.exd6 Bxd6
24.Nxd6 Qxd6 25.Bf7+ Kh8 26.Bf4 Qe7 27.Bxe6 Qxe6 28.Re3 Rf8 29.Rd1 Nbd7 30.Bg3 h6
31.b4 Nxe4 32.Rxe4 Nf6 33.Rd4 Qh3 34.Kg1 Nxe4 35.Nxe4 Re8 36.Qe2 Qe6 37.Rd6 Qa2
38.Nc3 Qa1+ 39.Qd1 Qxc3 40.Rd8 Qe3+  1/2-1/2

[Event "34th Olympiad"]
[Site "Istanbul TUR"]
[Date "2000.10.29"]
[Round "2"]
[White "Mauwa,T"]
[Black "De la Riva Aguado,O"]
[Result "0-1"]
[WhiteElo "2190"]
[BlackElo "2462"]

1.e4 c5 2.Nf3 Nc6 3.d4 cxd4 4.Nxd4 Qc7 5.Nc3 e6 6.Be2 a6 7.Be3 Nf6 8.Nxc6 bxc6
9.f4 Rb8 10.Rb1 Bb4 11.Bd3 e5 12.O-O d6 13.Kh1 O-O 14.Na4 Bg4 15.Qc1 d5 16.a3 Bd6
17.c4 exf4 18.Rxf4 dxe4 19.c5 Bxf4 20.Bxf4 Qa5 21.Bc2 Rbd8 22.Qe3 Rfe8 23.Nb6 Qb5
24.Ba4 Qd3 25.Re1 Re6 26.h3 Bh5 27.Bb3 Nd5 28.Qxd3 exd3 29.Rxe6 fxe6 30.Bd2 Rf8
31.Kg1 Be2 32.Ba4 Rf1+ 33.Kh2 Ne7 34.Nc4 Bd1 35.Bxd1 Rxd1 36.Kg3 Rf1 37.Ne5 Nf5+
38.Kh2 Rd1 39.Bc3 d2  0-1

[Event "34th Olympiad"]
[Site "Istanbul TUR"]
[Date "2000.10.29"]
[Round "2"]
[White "Mauwa,T"]
[Black "De la Riva Aguado,O"]
[Result "0-1"]
[WhiteElo "2190"]
[BlackElo "2462"]

1.e4 c5 2.Nf3 Nc6 3.d4 cxd4 4.Nxd4 Qc7 5.Nc3 e6 6.Be2 a6 7.Be3 Nf6 8.Nxc6 bxc6
9.f4 Rb8 10.Rb1 Bb4 11.Bd3 e5 12.O-O d6 13.Kh1 O-O 14.Na4 Bg4 15.Qc1 d5 16.a3 Bd6
17.c4 exf4 18.Rxf4 dxe4 19.c5 Bxf4 20.Bxf4 Qa5 21.Bc2 Rbd8 22.Qe3 Rfe8 23.Nb6 Qb5
24.Ba4 Qd3 25.Re1 Re6 26.h3 Bh5 27.Bb3 Nd5 28.Kg1 Rf8 29.Re2 Bxe2 30.Ba4 Ne7
31.Kh2 Bd1 32.Kg3 Nf5+ 33.Kh2 Qxa3 34.bxa3  0-1

[Event "34th Olympiad"]
[Site "Istanbul TUR"]
[Date "2000.10.29"]
[Round "2"]
[White "Odeev,H"]
[Black "Magem Badals,J"]
[Result "1/2-1/2"]
[WhiteElo "2442"]
[BlackElo "2482"]

1.e4 c5 2.Nf3 Nc6 3.d4 cxd4 4.Nxd4 Qc7 5.Nc3 e6 6.Be2 a6 7.O-O Nf6 8.Kh1 Nxd4
9.Qxd4 Bc5 10.Qd3 b5 11.f4 Bb7 12.Bf3 h5 13.e5 Ng4 14.Bxb7 Qxb7 15.Ne4 Be7
16.Be3 Rc8 17.Bd4 Nh6 18.a4 Nf5 19.axb5 Qxb5 20.Bc3 Qxd3 21.cxd3 Rc6 22.Rfe1 O-O
23.Ra4 d5 24.exd6 Nxd6 25.Rea1 Ra8 26.Nxd6 Rxd6 27.d4 Bf6 28.g3 Rad8 29.Rd1 Rb8
30.Kg2 Rdb6 31.Rda1 Ra8 32.Kf3 g6 33.Ke4 Kf8 34.Rb4 Rxb4 35.Bxb4+ Ke8 36.Bc3 Kd7
37.Ra4 Kc6 38.Rc4+ Kd7 39.Ra4 Kc6 40.Rc4+ Kd7 41.Ra4  1/2-1/2

[Event "34th Olympiad Women"]
[Site "Istanbul TUR"]
[Date "2000.11.01"]
[Round "5"]
[White "Hagarova,Z"]
[Black "Fakhiridou,E"]
[Result "0-1"]
[WhiteElo "2321"]
[BlackElo "2277"]

1.e4 c5 2.Nf3 Nc6 3.d4 cxd4 4.Nxd4 Qc7 5.Nc3 e6 6.f4 a6 7.Nxc6 Qxc6 8.Bd3 b5
9.Qe2 Bb7 10.Bd2 Be7 11.a3 h5 12.O-O Nf6 13.e5 Ng4 14.Be4 Qb6+ 15.Kh1 Rc8
16.Rac1 Bc6 17.Bxc6 Rxc6 18.Ne4 Qd4 19.Bc3 Qe3 20.Rce1 Qxe2 21.Rxe2 f5 22.exf6 gxf6
23.h3 d5 24.Ng5 Rxc3 25.bxc3 fxg5 26.Rxe6 Kd7 27.Rxa6 Ne3 28.Rf3 gxf4 29.Rxf4 Nc4
30.Rf7 Re8 31.Rh7 h4 32.Kg1 Nd6 33.a4 bxa4 34.Rxa4 Kc6 35.Ra6+ Kb5 36.Ra1 Ne4
37.Rf7 Bc5+ 38.Kh1 Kc4 39.Rf4 Bf2 40.Ra3  0-1

[Event "34th Olympiad"]
[Site "Istanbul TUR"]
[Date "2000.11.01"]
[Round "5"]
[White "Zjukin,S"]
[Black "Oral,T"]
[Result "1/2-1/2"]
[WhiteElo "2402"]
[BlackElo "2531"]

1.e4 c5 2.Nf3 Nc6 3.d4 cxd4 4.Nxd4 Qc7 5.Nb5 Qb8 6.c4 e6 7.Be3 Nf6 8.N5c3 b6
9.Nd2 Bc5 10.Bxc5 bxc5 11.Rb1 O-O 12.Be2 Nd4 13.O-O e5 14.Bd3 d6 15.Ne2 Bg4
16.f3 Nxe2+ 17.Qxe2 Be6 18.Rfd1 Qc7 19.Nf1 Nd7 20.Bc2 Nb6 21.Ne3 a5 22.Rd2 a4
23.b3 axb3 24.axb3 Nc8 25.Nd1 Bd7 26.Nc3 Bc6 27.Rbd1 Qe7 28.Nb5 Rd8 29.Qe3 Bxb5
30.cxb5 Na7 31.Bd3 Rab8 32.Qe2 Rb6 33.Ra2 Rdb8 34.Ra5 h6 35.Rda1 R6b7 36.Bc4 Qd7
37.Bd5 Rc7 38.Bc4 Rcb7 39.Bd5 Rc7 40.Bc4 Rcb7 41.Bd5  1/2-1/2

[Event "Chigorin Mem"]
[Site "St Petersburg RUS"]
[Date "2000.11.05"]
[Round "5"]
[White "Orlov,Va"]
[Black "Yandemirov,V"]
[Result "1-0"]
[WhiteElo "2444"]
[BlackElo "2505"]

1.e4 c5 2.Nf3 Nc6 3.d4 cxd4 4.Nxd4 Qc7 5.Nc3 e6 6.Be3 a6 7.Bd3 Nf6 8.O-O Be7
9.Kh1 d5 10.exd5 exd5 11.Qf3 Ne5 12.Nxd5 Nxd5 13.Qxd5 Nxd3 14.cxd3 O-O 15.Rac1 Qd6
16.Nf5 Bxf5 17.Qxf5 Rfd8 18.Rfd1 Bf6 19.d4 Qe6 20.Qxe6 fxe6 21.Kg1 Rac8 22.Kf1 Rxc1
23.Rxc1 Bxd4 24.Bxd4 Rxd4 25.Rc8+ Kf7 26.Rc7+ Kf6 27.Rxb7 Rd2 28.a4 a5 29.Rb5 e5
30.g3 e4 31.h4 g6 32.b3 Rb2 33.g4 h6 34.h5 gxh5 35.gxh5 Kf7 36.Rxa5 Rxb3
37.Ra6 Ra3 38.Ke2 Kg7 39.a5 Rh3 40.Rg6+ Kh7 41.Rg3 Rxh5 42.Ra3  1-0

[Event "ch-POL Semi-Finals Women"]
[Site "Polanczyk POL"]
[Date "2000.11.11"]
[Round "8"]
[White "Kucypera,M"]
[Black "Socha,A"]
[Result "1/2-1/2"]
[WhiteElo "2068"]
[BlackElo "2104"]

1.e4 c5 2.Nf3 Nc6 3.d4 cxd4 4.Nxd4 Qc7 5.Be3 e6 6.Bd3 a6 7.Qe2 Nf6 8.Nc3 Bb4
9.O-O h5 10.h3 Bd6 11.f4 Nxd4 12.Bxd4 Bc5 13.Qe3 Bxd4 14.Qxd4 h4 15.e5 Nh5
16.Ne4 Ng3 17.Nd6+ Kf8 18.Rf2 g6 19.Re1 b5 20.Qe3 Bb7 21.f5 gxf5 22.Qg5 Bd5
23.Nxf7 Kxf7 24.Qf6+ Kg8 25.Qg6+ Kf8 26.Qf6+  1/2-1/2

[Event "Autumn Cup GM"]
[Site "Bucharest ROM"]
[Date "2000.11.25"]
[Round "6"]
[White "Parligras,M"]
[Black "Matulovic,M"]
[Result "1/2-1/2"]
[WhiteElo "2441"]
[BlackElo "2433"]

1.e4 c5 2.Nf3 Nc6 3.d4 cxd4 4.Nxd4 Qc7 5.Nc3 e6 6.Be3 a6 7.Bd3 Nf6 8.O-O Ne5
9.h3 Bc5 10.Kh1 d6 11.f4 Ned7 12.Qe1 b5 13.b4 Bxd4 14.Bxd4 e5 15.fxe5 dxe5
16.Bg1 Bb7 17.a4 bxa4 18.Nxa4 O-O 19.Nc5 Nxc5 20.Bxc5 Rfe8  1/2-1/2

[Event "Autumn Cup GM"]
[Site "Bucharest ROM"]
[Date "2000.11.30"]
[Round "10"]
[White "Vukovic,Zd"]
[Black "Matulovic,M"]
[Result "1/2-1/2"]
[WhiteElo "2471"]
[BlackElo "2433"]

1.e4 c5 2.Nf3 Nc6 3.d4 cxd4 4.Nxd4 Qc7 5.Be2 Nf6 6.Nc3 e6 7.O-O a6 8.Kh1 Nxd4
9.Qxd4 Bc5 10.Qd2 O-O 11.Qg5 Bd4 12.Bf4 e5 13.Bd2 d6 14.Qh4 Be6 15.Bh6 Ne8
16.Bd2 Nf6 17.Bd3 Nd7 18.f4 exf4 19.e5 f5 20.exd6 Qxd6 21.Bxf4 Qc6 22.Rf3 Nf6
23.Qg3  1/2-1/2

[Event "TCh-YUG Women"]
[Site "Kragujevac YUG"]
[Date "2000.12.15"]
[Round "5"]
[White "Stojanovic,Ma"]
[Black "Djuric,Ve"]
[Result "1/2-1/2"]
[WhiteElo "2312"]
[BlackElo "2024"]

1.e4 c5 2.Nf3 Nc6 3.d4 cxd4 4.Nxd4 Qc7 5.Be3 e6 6.Bd3 Nf6 7.O-O d5 8.Nxc6 bxc6
9.exd5 cxd5 10.Qe2 Bd6 11.h3 O-O 12.Nd2 e5 13.c3 Rb8 14.Nb3 a5 15.Bb5 Ra8
16.a4 Be6 17.Nd2 Nd7 18.f4 exf4 19.Bd4 Nc5 20.b4 Nd7 21.Rac1 Qd8  1/2-1/2

[Event "ch-ISR Women"]
[Site "Ramat-Aviv/Modiin ISR"]
[Date "2000.12.17"]
[Round "1"]
[White "Mamantov,M"]
[Black "Tsifanskaya,L"]
[Result "1/2-1/2"]
[WhiteElo "2111"]
[BlackElo "2206"]

1.e4 c5 2.Nf3 Nc6 3.d4 cxd4 4.Nxd4 Qb6 5.Nb3 Nf6 6.Nc3 e6 7.Be3 Qc7 8.Qd2 a6
9.f3 b5 10.O-O-O Be7 11.g4 O-O 12.h4 Ne5 13.g5 Nh5 14.Qf2 Nc4 15.Bxc4 bxc4
16.Bb6 Qf4+ 17.Be3 Qc7 18.Bb6 Qf4+ 19.Be3  1/2-1/2

[Event "ch-ISR"]
[Site "Ramat-Aviv/Modiin ISR"]
[Date "2000.12.18"]
[Round "2"]
[White "Gershon,A"]
[Black "Bar,R"]
[Result "1/2-1/2"]
[WhiteElo "2502"]
[BlackElo "2354"]

1.e4 c5 2.Nf3 Nc6 3.d4 cxd4 4.Nxd4 Qc7 5.Nc3 e6 6.Nb3 a6 7.Bd3 Nf6 8.O-O Be7
9.f4 d6 10.Qf3 b5 11.e5 Nd7 12.exd6 Bxd6 13.a4 bxa4 14.Rxa4 Bb7 15.Qh3 Nb4
16.Be4 Nb6 17.Ra5 g6 18.Qf3 N6d5 19.f5 gxf5 20.Bxd5 Nxd5 21.Nxd5 Bxd5 22.Rxd5 exd5
23.Re1+ Kd7 24.Nd4 f4 25.Qxd5 Qc5 26.Qxf7+ Kc8 27.Rd1 Ra7 28.Qe6+ Rd7 29.Rd3 Be5
30.Qxa6+ Kd8 31.Be3 Rxd4 32.Bxd4 Bxd4+ 33.Kf1 Kc7 34.Rb3 Qd5 35.Rb4 Bc5 36.Qa5+ Kc8
37.Qa6+ Kc7 38.Qa5+ Kc8  1/2-1/2

[Event "Tournament for the 21st Century"]
[Site "Subotica YUG"]
[Date "2000.12.19"]
[Round "2"]
[White "Grigoriants,S RUS"]
[Black "Perunovic,Mil"]
[Result "1/2-1/2"]
[WhiteElo "2503"]
[BlackElo "2426"]

1.e4 c5 2.Nf3 Nc6 3.d4 cxd4 4.Nxd4 Qc7 5.Nc3 e6 6.Be2 a6 7.a3 Nf6 8.Be3 b5
9.Nxc6 dxc6 10.f4 Bb7 11.e5 Rd8 12.Qc1 Nd7 13.Ne4 c5 14.Bf3 Nb6 15.O-O Nc4
16.b3 Nxe3 17.Qxe3 Be7 18.a4 Bxe4 19.Qxe4 O-O 20.axb5 axb5 21.Qc6 Qxc6 22.Bxc6 c4
23.Bxb5 Bc5+ 24.Kh1 cxb3 25.cxb3 Rd2 26.Rac1 Bf2 27.Rfd1 Ra2 28.Rc7 g6 29.g3 h5
30.Rc3 h4 31.gxh4 g5 32.Rf3  1/2-1/2

[Event "Abel Cardona Open"]
[Site "Cali COL"]
[Date "2000.12.22"]
[Round "9"]
[White "Pupo,E"]
[Black "Saladen,R"]
[Result "1-0"]
[WhiteElo "2365"]
[BlackElo "2281"]

1.e4 c5 2.Nf3 Nc6 3.d4 cxd4 4.Nxd4 Qb6 5.Nb3 Nf6 6.Nc3 e6 7.Bd3 Bb4 8.O-O a6
9.Kh1 Ne5 10.f4 Nxd3 11.cxd3 d5 12.e5 Nd7 13.Bd2 Be7 14.Qe1 O-O 15.f5 f6
16.d4 fxe5 17.dxe5 d4 18.f6 gxf6 19.Bh6 dxc3 20.Qg3+ Kf7 21.exf6 Bd6 22.Qg7+ Ke8
23.f7+ Kd8 24.Qxc3 Qc6 25.Nd4 Qd5 26.Bg5+ Be7 27.Qa5+ Nb6 28.Qxb6+ Kd7 29.Rad1 Bxg5
30.Nxe6 Bd2 31.Nxf8+ Ke7 32.Ng6+  1-0

[Event "North American Open"]
[Site "Las Vegas USA"]
[Date "2000.12.27"]
[Round "2"]
[White "Ellis,J"]
[Black "Annakov,B"]
[Result "1-0"]
[WhiteElo "2146"]
[BlackElo "2565"]

1.e4 c5 2.Nf3 Nc6 3.d4 cxd4 4.Nxd4 Qb6 5.Nb3 Nf6 6.Nc3 e6 7.Bd3 Be7 8.Be3 Qc7
9.f4 d6 10.Qf3 a6 11.g4 b5 12.g5 Nd7 13.O-O-O Bb7 14.Rhg1 Rc8 15.Kb1 Nc5
16.Qh3 Na4 17.Ne2 Nb4 18.Rc1 g6 19.f5 e5 20.Rgf1 Qd7 21.Qh6 Bf8 22.Qh4 Nc5
23.Nxc5 dxc5 24.Rcd1 Qc7 25.fxg6 fxg6 26.Nc3 Nxd3 27.Rxd3 Rd8 28.Rxd8+ Qxd8
29.Qf2 Qc7 30.Qf6 Bg7 31.Qe6+ Qe7 32.Qb6 c4 33.Bc5 Qd7 34.Rd1 Qc8 35.Qd6  1-0

[Event "ch-ISR"]
[Site "Ramat-Aviv/Modiin ISR"]
[Date "2000.12.28"]
[Round "11"]
[White "Bar,R"]
[Black "Golod,V"]
[Result "0-1"]
[WhiteElo "2354"]
[BlackElo "2590"]

1.e4 c5 2.Nf3 Nc6 3.d4 cxd4 4.Nxd4 Qb6 5.Nb3 Nf6 6.Nc3 e6 7.Be3 Qc7 8.Bd3 a6
9.f4 d6 10.Qf3 b5 11.O-O Rb8 12.Rae1 Be7 13.Qh3 b4 14.Ne2 e5 15.f5 d5 16.Ng3 Na5
17.Bg5 Nc4 18.exd5 Nxb2 19.Bxf6 Bxf6 20.Ne4 Qb6+ 21.Qe3 Qxe3+ 22.Rxe3 Rb6
23.c4 bxc3 24.Nxc3 Bg5 25.Rxe5+ Kd8 26.Bb1 Bf6 27.Re3 Rxb3 28.axb3 Bd4 29.Re1 Re8
30.Kf2 Rxe3 31.Rxe3 Bxc3 32.Ke2 Bf6 33.Be4 Bd7 34.Rh3 h6 35.Kd2 Ke7 36.Kc2 Kd6
37.Re3 a5 38.Re1 a4 39.bxa4 Nxa4 40.Kd3 Nc3 41.Ke3 Bb5 42.Kf3 Bc4 43.g4 Bh4
44.Re3 Nxe4 45.Kxe4 Bxd5+ 46.Kd3 Bg5 47.Re1 Bf3 48.Rg1 Ke5 49.h3 Kf4 50.Kd4 h5
51.gxh5 Kxf5  0-1

[Event "Christmas Open"]
[Site "Zurich SUI"]
[Date "2000.12.28"]
[Round "4"]
[White "Wyss,T"]
[Black "Kelecevic,N"]
[Result "1-0"]
[WhiteElo "2195"]
[BlackElo "2414"]

1.e4 c5 2.Nf3 Nc6 3.d4 cxd4 4.Nxd4 Qc7 5.Nc3 e6 6.Be3 a6 7.Bd3 Nf6 8.O-O Nxd4
9.Bxd4 Bc5 10.Bxc5 Qxc5 11.Na4 Qc7 12.c4 d6 13.Rc1 b6 14.f4 Bb7 15.Qe2 O-O
16.Nc3 Rfe8 17.Kh1 Rac8 18.e5 Nd7 19.exd6 Qxd6 20.Rcd1 Qc7 21.Bxh7+ Kxh7
22.Qd3+ Kg8 23.Qxd7 Re7 24.Qxc7 Rexc7 25.Rd6 Rc6 26.Rfd1 Rxd6 27.Rxd6 Rxc4
28.Rxb6 Rxf4 29.Kg1 Bc8 30.Rc6 Bb7 31.Rb6 Bc8 32.b3 Kh7 33.Rc6 Bb7 34.Rc7 Rb4
35.Rxf7 Kg6 36.Rc7 Kf6 37.Kf2 g5 38.g3 Bh1 39.Ke3 Rb8 40.Ne4+ Bxe4 41.Kxe4 Rb5
42.Rc4 a5 43.Kf3 Kf5 44.h4 Rd5 45.g4+ Kf6 46.h5 Rd3+ 47.Ke2 Rd5 48.Ke3 Rd1
49.Ra4 Rd5 50.Rd4 Rc5 51.Rc4 Rd5 52.Rc2 Re5+ 53.Kf3 Rd5 54.Rh2 Rd3+ 55.Ke4 Rg3
56.h6 Rxg4+ 57.Kf3 Rh4 58.Rxh4 gxh4 59.Kg4 Kg6 60.a3 e5 61.b4 e4 62.Kxh4  1-0